Central Library OPAC University of Rajshahi

Nationality and wealth : (Record no. 45571)

MARC details
000 -LEADER
fixed length control field 00681cam a2200229r 4500
001 - CONTROL NUMBER
control field 45571
003 - CONTROL NUMBER IDENTIFIER
rucl marc code BD-RjUL
005 - DATE AND TIME OF LATEST TRANSACTION
control field 20211209054032.0
008 - FIXED-LENGTH DATA ELEMENTS--GENERAL INFORMATION
fixed length control field 160727s1964 enk a00000 eng d
035 ## - SYSTEM CONTROL NUMBER
System control number (BD-RjUL)45689
System control number 2260754
040 ## - CATALOGING SOURCE
Original cataloging agency ANL
Language of cataloging eng
Modifying agency ANL
Transcribing agency BD-RjUL
041 ## - LANGUAGE CODE
Language code of text/sound track or separate title eng
082 ## - DEWEY DECIMAL CLASSIFICATION NUMBER
Edition number 23
Classification number 321.04
Author mark and year LUN 1964
100 1# - MAIN ENTRY--PERSONAL NAME
Personal name Luard, Evan,
Dates associated with a name 1926-
9 (RLIN) 128743
245 10 - TITLE STATEMENT
Title Nationality and wealth :
Remainder of title a study in world government /
Statement of responsibility, etc. Evan Luard
260 ## - PUBLICATION, DISTRIBUTION, ETC. (IMPRINT)
Place of publication, distribution, etc. London :
Name of publisher, distributor, etc. Oxford University Press,
Date of publication, distribution, etc. 1964.
300 ## - PHYSICAL DESCRIPTION
Pagination 370 p. ;
Size 21 cm.
650 #0 - SUBJECT ADDED ENTRY--TOPICAL TERM
Topical term or geographic name as entry element International agencies.
9 (RLIN) 129705
Topical term or geographic name as entry element International economic relations.
9 (RLIN) 139499
942 ## - ADDED ENTRY ELEMENTS (KOHA)
Source of classification or shelving scheme Dewey Decimal Classification
Koha item type Books
Holdings
Lost status Source of classification or shelving scheme Damaged status Not for loan Collection code Permanent Location Current Location Shelving location Date acquired Source of acquisition Cost, normal purchase price Total Checkouts Full call number Date last seen Copy number Koha item type
  Dewey Decimal Classification     Non-fiction Central Library, University of Rajshahi Central Library, University of Rajshahi   15/07/1970 Swets zeitlinger 50.00   321.04 LUN 1964 27/07/2016 C-2 Books